000 00622nam a2200181 i 4500
001 bg
100 1 _aSOBCZYK, Zbigniew Bronisław
245 1 0 _aSymulacja organizacji kompleksowo zmechanizowanych jednorodnych procesów budowlanych /
_cZbigniew Bronisław Sobczyk.
260 _aCzęstochowa :
_bWydawnictwo PC,
_c1989.
490 1 _aMonografie / Politechnika Częstochowska,
_x0860-5017 ;
_vnr 7
650 9 _aBudownictwo
_xorganizacja
830 0 _aMonografie (Politechnika Częstochowska) ;
_vnr 7
040 _cBPK
041 0 _apol
080 _a69.008
942 _cKS
008 s pl f |000 0 pol
999 _c35487
_d35487
856 _uhttp://koha.tu.koszalin.pl/cgi-bin/koha/opac-detail.pl?biblionumber=35487
_yKatalog online BPK